Home Print Resources E-Books E-Journals IIMT Lecture Series Library Membership Form Book Recommendation Form Campus Tour Take AdmissionAbout Us Contact Us

Textbook of Pharmaceutical Chemistry (Record no. 67525)

000 -LEADER
fixed length control field 00392nam a22001577a 4500
003 - CONTROL NUMBER IDENTIFIER
control field OSt
005 - DATE AND TIME OF LATEST TRANSACTION
control field 20260324142217.0
008 - FIXED-LENGTH DATA ELEMENTS--GENERAL INFORMATION
fixed length control field 260324b |||||||| |||| 00| 0 eng d
020 ## - INTERNATIONAL STANDARD BOOK NUMBER
International Standard Book Number 9789354666032
040 ## - CATALOGING SOURCE
Transcribing agency IIMT UNIVERSITY MEERUT
100 ## - MAIN ENTRY--PERSONAL NAME
Personal name Mohammed Ali
245 ## - TITLE STATEMENT
Title Textbook of Pharmaceutical Chemistry
260 ## - PUBLICATION, DISTRIBUTION, ETC.
Place of publication, distribution, etc. NEW DELHI
Name of publisher, distributor, etc. CBS PUBLISHERS
300 ## - PHYSICAL DESCRIPTION
Extent 414
942 ## - ADDED ENTRY ELEMENTS (KOHA)
Source of classification or shelving scheme
Koha item type Text-Book- for 7 days
Holdings
Withdrawn status Lost status Source of classification or shelving scheme Damaged status Not for loan Home library Current library Date acquired Source of acquisition Cost, normal purchase price Inventory number Total Checkouts Barcode Date last seen Price effective from Koha item type
          IIMT SCHOOL OF PHARMACEUTICAL SCIENCES IIMT SCHOOL OF PHARMACEUTICAL SCIENCES 03/24/2026 R.LALL PUBLISHERS 395.00 GD/IN/383-10/03/26   27-B-2386 03/24/2026 03/24/2026 Text-Book- for 7 days
IIMT, Central Library. All Rights Reserved IIMT,UNIVERSITY © 2023
Implemented and Customised by I CLOUDE EMS
You Are OPAC Visitor No
free web counter

Powered by Koha